| 000 | 00816cam a22002537a 4500 | ||
|---|---|---|---|
| 005 | 20160228133300.0 | ||
| 008 | 020412s2002 nyua frb 001 0 eng d | ||
| 020 | _a0198500653 | ||
| 040 |
_aVXG _cVXG _dDLC _dCO-BoIAVH |
||
| 041 | _aeng | ||
| 044 | _axxu | ||
| 082 | 0 | 0 |
_a581.38 _bW73e |
| 100 | 1 | _aWillis, K. J. | |
| 245 | 1 | 4 |
_aThe evolution of plants / _cK.J. Willis, J.C. McElwain. |
| 260 |
_aNew York : _bOxford University Press, _cc2002. |
||
| 300 |
_ax, 378 páginas : _bIlustraciones ; _c25 x 19 cm. |
||
| 500 | _aIncluye índice. | ||
| 504 | _aIncluye referencias bibliográficas: páginas [316]-349 | ||
| 650 | 0 |
_aPlants _xEvolution. |
|
| 650 | 1 | 6 | _aAnatomía de las plantas |
| 650 | 2 | 6 | _aEvolución de las plantas |
| 700 | 1 | _aMcElwain, J. C. | |
| 942 |
_2ddc _cLIBRO |
||
| 999 |
_c5187 _d5187 |
||